Quản trị kinh doanh

محفوظ في:
التفاصيل البيبلوغرافية
المؤلف الرئيسي: Nguyễn Ngọc Hiến
التنسيق: كتاب
اللغة:Undetermined
منشور في: H. Lao Động 2003
الموضوعات:
الوسوم: إضافة وسم
لا توجد وسوم, كن أول من يضع وسما على هذه التسجيلة!
Thư viện lưu trữ: Trung tâm Học liệu Trường Đại học Cần Thơ
LEADER 00532nam a2200193Ia 4500
001 CTU_58822
008 210402s9999 xx 000 0 und d
020 |b 45000 
082 |a 658.02 
082 |b H305 
100 |a Nguyễn Ngọc Hiến 
245 0 |a Quản trị kinh doanh 
245 0 |c Nguyễn Ngọc Hiến 
260 |a H. 
260 |b Lao Động 
260 |c 2003 
650 |a industrial management,business enterprises 
650 |x management 
980 |a Trung tâm Học liệu Trường Đại học Cần Thơ